[Event "XX SuperGM"]
[Site "Linares ESP"]
[Date "2003.02.25"]
[Round "4"]
[White "Ponomariov, R."]
[Black "Leko, P."]
[Result "1/2-1/2"]
[WhiteElo "2734"]
[BlackElo "2736"]
[Annotator "Mig"]
[PlyCount "220"]
[EventDate "2003.02.22"]

1. e4 c5 2. Nf3 Nc6 3. Bb5 g6 4. Bxc6 dxc6 5. h3 Bg7 6. d3 Nf6 7. Nc3 O-O (7...
Nd7 8. Be3 e5 9. Qd2 h6 10. O-O Qe7 11. a3 Nf8 12. b4 Ne6 13. Na4 b6 14. Nh2 f5
15. f3 f4 16. Bf2 h5 17. bxc5 b5 18. Nb2 g5 19. d4 exd4 20. Nd3 Nxc5 21. Nxc5
Qxc5 22. Rfd1 Be6 23. Qb4 Qb6 24. a4 c5 25. Qxb5+ Qxb5 26. axb5 Kf7 27. Ra5
Rhb8 28. Nf1 Be5 29. Rda1 d3 30. Rxa7+ Kf6 31. Rxa8 Rxa8 32. Rxa8 (32. Rc1 Bb2)
32... dxc2 33. Rf8+ Kg6 34. Re8 Kf7 35. Rf8+ Kg6 36. Re8 Bc4 37. Rxe5 c1=Q 38.
Rxc5 Qxf1+ 39. Kh2 Qxf2 40. Rxc4 g4 {
0-1 Ponomariov,R-Kramnik,V/Linares ESP 2003 (40).}) 8. Be3 b6 9. Qd2 e5 10. Bh6
Qd6 11. g4 Be6 12. Qe3 a5 13. Ne2 a4 14. a3 b5 15. Ng3 Ne8 16. O-O f6 17. Nd2
Rd8 18. Bxg7 Nxg7 19. f4 exf4 20. Qxf4 Qxf4 21. Rxf4 c4 22. Rf3 Bc8 23. Ndf1
Ne6 24. Ne2 cxd3 25. Rxd3 Rxd3 26. cxd3 Rd8 27. Rc1 c5 28. Rc3 Ba6 29. Kf2 Rd6
30. b4 axb3 31. Rxb3 b4 32. axb4 Bxd3 33. bxc5 Nxc5 34. Rb8+ Kg7 35. Nfg3 Nxe4+
36. Nxe4 Bxe4 37. Re8 Bd5 38. Re7+ Bf7 39. Ra7 Kf8 40. Ra8+ Be8 41. Ke3 Re6+
42. Kf2 Re4 43. Nc3 Re5 44. Rd8 Kg7 45. Nd5 Bf7 46. Ne3 h5 47. Rd7 Kf8 48. Rc7
h4 49. Rc8+ Kg7 50. Rc7 Ra5 {.  "There's an old Nimzowitsch  game that reached
B+3 vs N+2 that Speelman  analyzed. Drawn with best play, same pawns  as here,
but different structure."} 51. Kf3 {.  "In the Nimzo game I was  talking about,
the weaker side had a nice  safe spot for his king to protect his pawns.
That's not true here." -Mig  } 51... Ra2 {.  "I really don't see how black 
makes any progress in this position. Leko is a  technician, but white has a
nice blockade." -Mig  } 52. Ng2 {.  "The h4 pawn controls the  dark square g3,
so if the bishop becomes  active the white king can be ejected  completely."
-Mig  } 52... Ra3+ 53. Ne3 Kf8 {.  I hope  Peter can enlighten me! I've had
this position  before myself and couldn't win it! Different  pawns but same
material.  } 54. Rc8+ Ke7 55. Rc7+ Ke8 56. Kf2 Be6 57. Rc2 Ke7 58. Re2 Kf7 59.
Rd2 Ra4 60. Kf3 Bc8 61. Rb2 Ra7 62. Kf2 Bb7 {.  "Not necessarily in a rook 
endgame. R+3 vs R+2 is usually drawn, but  still requires precision. And ..f5
forces a  passer."  } 63. Ng2 {.  I think Leko is just going  to maximize his
pieces and see if he can  find a way increase the pressure with a few 
zugzwangs. He can definitely make Super  Mariov work for a living here.  }
63... g5 64. Ne1 Be4 65. Re2 Bd5 66. Re3 Ra4 67. Kg1 {.  Even if the rooks
come off  this really should be drawn. The knight is a good defender when all
the pawns are on the  same side.  } 67... Be4 68. Nf3 Ra1+ 69. Kf2 Ra2+ 70. Kf1
Bd5 71. Kg1 {
.
"Pawn ending drawn unless the  white king somehow lands on a1"
} 71... Ra4
72. Ne1 Be6 73. Nf3 {.  The pawn endgame position Ke4 Ke6 is drawn, as is Kf2 
Kd4 (black to move). I don't see how black can  force the opposition. Not that
white needs to  risk that, of course.  } 73... Ke7 74. Rd3 {.  "But Bxg4 isn't
going to  disappear. Leko might try that if he gets  desperate enough. But I
think he has better  chances here trying to get white's pieces out of 
position."  } 74... Bc4 {.  It might be a draw  with perfect play, and we
don't even know that  for sure. But with two tired humans, it is  definitely
worth playing on. A mistake by white  could allow anything from the loss of
the h-pawn  to a switch to a losing pawn endgame.  } (74... Bxg4 $6 75. hxg4
Rxg4+) 75. Re3+ {.  So Leko just plays chess, making the best moves, hoping
Ponomariov makes a  mistake. No crime there.} 75... Be6 76. Rd3 Bc4 77. Re3+
Kd6 78. Nd4 Ra1+ 79. Kf2 Ra2+ 80. Kg1 Kc5 81. Nf5 Ra6 82. Kf2 Be6 83. Ng7 Bd5
84. Nf5 Kc4 85. Re2 Be6 86. Ng7 Bd7 87. Rd2 Bb5 88. Nf5 Kc5 89. Ne3 Bc6 90.
Rc2+ Kd4 91. Nf5+ Ke5 92. Rc5+ Ke4 93. Rc4+ Kd5 94. Rc3 Ra2+ 95. Kg1 Bb5 96.
Re3 Rd2 97. Ne7+ Kd4 98. Nf5+ Kd5 99. Ne7+ Kc5 100. Nf5 Bd3 101. Ng7 Rd1+ 102.
Kf2 Kd4 103. Ne6+ Kc4 104. Ng7 Rd2+ 105. Kg1 Kd4 106. Re1 Be4 107. Nh5 (107.
Ne6+) 107... f5 (107... Rg2+ $1 108. Kf1 Rh2 109. Nxf6 Bg2+ 110. Kg1 (110. Kf2
Bc6+ 111. Kg1 Rxh3 112. Re6 Rh1+ 113. Kf2 Rh2+ 114. Kg1 Rg2+ 115. Kf1 Rc2 116.
Nh5 h3 117. Ng3 h2 $19) 110... Rh1+ 111. Kf2 (111. Kxg2 Rxe1 112. Nh7 Ke3 113.
Nxg5 (113. Nf6 Re2+ 114. Kg1 Kf3) 113... Kf4 114. Nh7 Re2+ 115. Kg1 Kg3 $19)
111... Rxe1 112. Kxe1 Ke3 $19) 108. Ng7 fxg4 109. Ne6+ Kd5 110. Nxg5 Bf5 {
Game Drawn.
Times: W4:03 * B0:16} 1/2-1/2

[Event "XX SuperGM"]
[Site "Linares ESP"]
[Date "2003.02.27"]
[Round "5"]
[White "Kasparov, G."]
[Black "Ponomariov, R."]
[Result "1-0"]
[WhiteElo "2847"]
[BlackElo "2734"]
[Annotator "Mig"]
[PlyCount "86"]
[EventDate "2003.02.22"]

{Some comments given by Mig during the live broadcast at Playchess.com are
included in the text.} 1. Nf3 Nf6 2. d4 e6 3. g3 b6 4. Bg2 Bb7 5. c4 Be7 6. Nc3
Ne4 7. Bd2 Bf6 8. O-O O-O 9. Rc1 d5 $6 {
This line was abandoned years ago in favor of ...c5.} 10. cxd5 exd5 11. Bf4
Nxc3 (11... Na6 12. Be5 Re8 13. Bxf6 Qxf6 14. e3 c5 {
1-0 Kortschnoj,V-Salov,V/Belgrade 1987/CBM 04 (59).  (58)}) 12. bxc3 (12. Rxc3
c5 13. Be5 Be7 14. dxc5 bxc5 {
1/2-1/2 Novikov,I-Rozentalis,E/Lvov 1985/MCD (29).  (29)}) 12... Na6 $6 {
If this is going to be played, it should be on move 11.} (12... Re8 13. c4 dxc4
14. Rxc4 Na6 15. Qc2 c5 16. Ng5 Bxg2 17. Qxh7+ Kf8 18. Kxg2 Rxe2 19. Qh8+ Ke7
20. Qxd8+ Rxd8 21. Ra4 Nb4 22. Rxa7+ Ke8 23. dxc5 bxc5 24. Nxf7 Nd5 25. Nxd8 {
1-0 Kochyev,A-Qvortrup,J/Gausdal 1991/CBM 25 (25).}) 13. e4 dxe4 14. Nd2 g5 15.
Be3 (15. Nxe4 Bxe4 16. Bxe4 gxf4 17. Qh5 Re8 18. Qxh7+ Kf8 19. Bb7 c5 20. Bxa6
cxd4 21. Rfd1) 15... Re8 16. f4 $1 exf3 17. Bxf3 Bd5 18. Bxd5 Qxd5 19. Rxf6
Rxe3 20. Qg4 Re6 21. Rf5 Qc6 22. Qxg5+ Rg6 23. Qh5 {White has a much better 
position, very hard for black to defend so many weaknesses. The a6 knight
doesn't play and f7  and h7 are victims.  } 23... Rf8 24. Nf3 f6 25. Nh4 Rg7
26. Qh6 {White has many natural  moves to continue the attack. The  long-term
advantages aren't going to  disappear. The black knight on a5 is  pathetic.
The f5 rook will move aside to  let the knight into f5.  } 26... Nb8 {
Be cautious about moving the c1 rook too soon. Black can grab the c3 pawn  and
then the d4 pawn with check. Black's only hope is to get  that knight back
into action. He can't play  on a piece down!    Another problem for black is
that after ..f6, the 7th rank became weak. So rook infiltrations on the e-file
are also  possible. Black really doesn't have  any counterplay, that's the
hallmark of a  nice attacking position! If black doesn't  move the queen and
play ..c5, he's got a big  bag of nothing.} 27. Rh5 f5 28. Qf4 {Pono is happy
to give up a  pawn to get out of the pressure. Maybe Garry  missed this?!
Seems hard to believe, but this endgame is no joy for black either.} 28... Qe4
29. Rf1 Qxf4 30. Rxf4 Rg4 31. Rfxf5 Nd7 32. Rxf8+ Nxf8 33. Kf2 Nd7 34. Nf5 Kh8
35. Kf3 Rg8 36. Rh6 Rf8 37. g4 Nf6 38. c4 Kg8 39. Kf4 Rf7 40. g5 Ne8 41. Ke5
Rd7 {White is just going to  keep moving up the board and black really 
doesn't have much that doesn't permit  exchanges.} 42. Ke6 Rf7 43. Rf6 Nxf6 1-0

[Event "XX SuperGM"]
[Site "Linares ESP"]
[Date "2003.02.27"]
[Round "5"]
[White "Radjabov, T."]
[Black "Anand, V."]
[Result "1/2-1/2"]
[WhiteElo "2624"]
[BlackElo "2753"]
[PlyCount "49"]
[EventDate "2003.02.22"]

1. d4 Nf6 2. c4 e6 3. Nf3 b6 4. Nc3 Bb7 5. a3 d5 6. cxd5 Nxd5 7. Qc2 Nxc3 8.
bxc3 Be7 9. e4 O-O 10. Bd3 c5 11. O-O Qc8 12. Qe2 Ba6 13. Rd1 Bxd3 14. Rxd3 Nd7
15. e5 (15. Bf4 Re8 16. Ne5 (16. Re3 cxd4 17. cxd4 Qb7) 16... cxd4 17. cxd4
Nxe5 18. Bxe5 Qd7 19. Rad1 Bd6 20. Bxd6 Qxd6 21. Rc3 Rac8 22. Qc2 Qd7 23. h3 h6
24. d5 Rxc3 25. Qxc3 Rc8 {
1/2-1/2 Janjgava,L-Rodriguez Cespedes,A/Belgrade 1988/TD (25).}) 15... Qc6 16.
Bg5 Rfe8 17. Bxe7 Rxe7 18. Ng5 cxd4 19. cxd4 f6 20. exf6 Nxf6 21. Re1 (21. Re3
Nd5 22. Qd3 g6) 21... h6 22. Nf3 Rc8 23. Ne5 Qc2 24. Qf3 Nd5 25. Qg3 1/2-1/2

[Event "XX SuperGM"]
[Site "Linares ESP"]
[Date "2003.02.27"]
[Round "5"]
[White "Leko, P."]
[Black "Vallejo Pons, F."]
[Result "1-0"]
[WhiteElo "2736"]
[BlackElo "2629"]
[PlyCount "85"]
[EventDate "2003.02.22"]

1. e4 c5 2. Nf3 Nc6 3. d4 cxd4 4. Nxd4 Qc7 5. Nc3 e6 6. Be3 a6 7. Qd2 Nf6 (7...
b5) (7... Nxd4 8. Bxd4 Ne7 9. Qg5 h6 10. Qe3 b5) 8. O-O-O Bb4 (8... b5 9. Bf4
$5) (8... Ng4 9. Bf4 (9. Bg5 Nxd4 10. Qxd4 Qc5 $1 $11) 9... e5 10. Nd5 Qd8 11.
Qe2 $5) 9. f3 Ne5 (9... Ne7 10. a3 (10. g4 d5 11. g5 Nd7 12. Nb3 O-O 13. Kb1
Bxc3 14. Qxc3 Qxc3 15. bxc3 b6 16. c4 {
1-0 Zagrebelny,S-Cosma,E/Metz 2002/CBM 87 ext (27)}) 10... Bxc3 11. Qxc3 Qxc3
12. bxc3 d5 (12... e5 13. Nf5 Nxf5 14. exf5 b5 15. c4 d5 16. cxb5 axb5 17.
Bxb5+ Bd7 {0-1 Narciso Dublan,M-Andersson,U/Pamplona 2001/CBM (35)}) 13. e5 Nd7
14. f4 Nc5 (14... b6 15. Bd3 Nc5 16. Kd2 Kd7 17. Rb1 Kc7 18. Rb4 Bd7 19. Rhb1
Rab8 20. Nf3 Nc6 21. Bxc5 bxc5 22. Rxb8 Nxb8 23. c4 {
1/2-1/2 Goloshchapov,A-Fominyh,A/Calcutta 2002/CBM 88(76)}) 15. Nb5 axb5 16.
Bxc5 Bd7 17. Kd2 Ra4 18. g3 Nc8 {
1/2-1/2 Leko,P-Ljubojevic,L/Monaco MNC 2002/(42)}) 10. Nb3 b5 (10... Bxc3 11.
bxc3 d5 12. Bd4 O-O 13. Qg5 $1 $36) (10... d5 11. Bd4 $14 dxe4 $4 12. Bxe5 $18
Qxe5 13. Qd8#) 11. Bd4 Be7 (11... h6 12. Kb1 Nc4 13. Qf2 O-O 14. Qg3 Bd6 15.
Qe1 Be5 $6 16. Bxe5 Qxe5 $6 17. Qg3 $1 $14 {
1/2-1/2 Anand,V-Portisch,L/Biel (izt) 1993/Inf 58/[Anand,V] (56)}) (11... Nc6
12. Bf2 (12. Bxf6 gxf6 13. a3 Bf8 14. f4 Rb8 15. Qe3 Na5 16. Nxa5 Qxa5 17. Na2
b4 {1/2-1/2 Rausis,I-Buhr,C/Hamburg GER 2001/(35)}) 12... O-O 13. Bg3 e5 14. a3
Bxc3 $8 15. Qxc3 d6 16. Na5 $5 Bd7 17. Nxc6 Bxc6 18. Bh4 Rac8 $1 19. Bxf6 gxf6
20. g3 $1 {1/2-1/2 Morozevich,A-Kobalija,M/Russia (ch) 73/226 1998/Inf 73/
[Kobalija,M] (49)}) (11... Bb7 12. Kb1 Rc8 $2 13. Nxb5 axb5 14. Bxe5 Qxe5 15.
Qxb4 $18 {1-0 Morozevich,A-Gustafsson,J/Internet Chess Club 1999 (22)}) (11...
O-O 12. Qg5 Ng6 (12... d6 13. a3 Bxc3 14. Bxc3 $16) 13. Bxf6 gxf6 14. Qxf6 $14)
12. Qg5 (12. Qf2 d6 13. g4 O-O 14. Rg1 Nfd7 15. f4 Nc4 16. g5 b4 17. Bxc4 Qxc4
18. f5 bxc3 19. f6 Bd8 20. fxg7 Re8 21. Rd3 e5 22. Rh3 Qe6 23. Qe3 exd4 24.
Nxd4 Qxe4 25. Qxc3 Nc5 26. g6 Bxh3 27. gxf7+ Kxf7 28. Qxh3 Bg5+ {
0-1 Motylev,A-Alekseev,E/Tomsk 2001/CBM 82 ext (28).}) (12. Kb1 d6 (12... Bb7
13. Qg5 (13. Na5 d6 14. Nxb7 (14. Ne2 {
1/2-1/2 Ivanchuk,V-Ljubojevic,L/Beograd 1995/Inf 65 (14)}) 14... Qxb7 15. f4
Nc6 16. Bxf6 Bxf6 17. g4 O-O 18. g5 Bxc3 19. Qxc3 Rfd8 20. h4 e5 {
0-1 Kovchan,A-Tregubov,P/Smolensk RUS 2000/(55)}) (13. Qf2 $5)) 13. Qf2 Rb8 (
13... O-O 14. g4 b4 (14... Nfd7 15. Rg1 Bb7 16. g5 Rfc8 17. a3 Nc4 18. Bxc4
bxc4 19. Nc1 Rab8 20. N1e2 Bc6 21. Ka1 Qa5 22. Na2 e5 23. Bc3 Qc7 {
1-0 Kasparov,G-Ye Jiangchuan/Bled SLO 2002/The Week in Chess 418 (66).  (65)})
15. Na4 (15. Ne2 $2 a5 $15)) 14. g4 h6 15. h4 Nc4 16. Bxc4 (16. g5 $1 hxg5 17.
Bxc4 bxc4 18. hxg5 Rxh1 19. Rxh1 cxb3 20. axb3 Nd7 (20... Ng8 21. Rh8 Kf8 22.
Qh4 $18) 21. Rh8+ Nf8 22. Bxg7 $44)) 12... Ng6 13. Qg3 Bd6 14. Qf2 Rb8 (14...
Bxh2 15. g4) 15. Kb1 O-O 16. Bc5 Bxc5 17. Qxc5 Qxc5 18. Nxc5 Rb6 19. a4 Rc6 20.
Nd3 bxa4 21. Nxa4 d5 22. exd5 Nxd5 23. Ndc5 Ne5 24. Rd4 Nd7 25. Nxd7 Bxd7 26.
Bc4 Nf6 27. Re1 Rfc8 28. Bd3 Kf8 29. Re5 R8c7 30. Ra5 Bc8 31. b4 Nd5 32. Kb2 g6
33. Kb3 Ne3 34. Nc5 Ra7 35. g3 Ke7 36. f4 f6 37. Be4 Rb6 38. c4 e5 39. fxe5
fxe5 40. Rd3 Nf5 41. Na4 Re6 42. b5 Nd4+ 43. Kc3 (43. Kc3 Rd7 44. bxa6 (44. b6
Bb7 45. Bxb7 Rxb7 46. Nc5 Rbxb6 47. Nxe6 Kxe6) 44... Rxa6 45. Rxe5+ Kf6) 1-0

[Event "XX SuperGM"]
[Site "Linares ESP"]
[Date "2003.02.28"]
[Round "6"]
[White "Vallejo Pons, F."]
[Black "Kasparov, G."]
[Result "1/2-1/2"]
[WhiteElo "2629"]
[BlackElo "2847"]
[PlyCount "82"]
[EventDate "2003.02.22"]

1. Nf3 d5 2. d4 Nf6 3. c4 c6 4. Nc3 dxc4 5. a4 Bf5 6. Ne5 Nbd7 7. Nxc4 Nb6 8.
Ne5 a5 9. f3 Nfd7 10. e4 Nxe5 (10... Bg6 11. Qb3 {
0-1 Janssen,R-Sokolov,I/Leeuwarden 2002/CBM 90/[Huebner,R] (23).  (23)} (11.
Nxg6)) 11. dxe5 Qxd1+ 12. Kxd1 Be6 13. Kc2 f6 14. Rb1 fxe5 15. b4 Nc4 16. Bxc4
Bxc4 17. bxa5 O-O-O 18. Rd1 Rxd1 19. Nxd1 e6 20. Ne3 Ba6 21. Ng4 Bd6 22. Bb2
Rd8 23. Rd1 h5 24. Nxe5 Bxe5 25. Bxe5 Rxd1 26. Kxd1 g6 27. Kd2 Bf1 28. g4 Bg2
29. Ke3 c5 30. Bd6 c4 31. Bb4 Kd7 32. gxh5 gxh5 33. f4 Ke8 34. Kd4 Kf7 35. Ke5
Bf3 36. h4 Bd1 37. Kd6 Bxa4 38. Kc7 Bc2 39. Kxb7 Bxe4+ 40. Kb6 Kg6 41. Kc5 Kf5
1/2-1/2

[Event "XX SuperGM"]
[Site "Linares ESP"]
[Date "2003.02.28"]
[Round "6"]
[White "Kramnik, V."]
[Black "Radjabov, T."]
[Result "1-0"]
[WhiteElo "2807"]
[BlackElo "2624"]
[PlyCount "71"]
[EventDate "2003.02.22"]

1. e4 e6 2. d4 d5 3. Nc3 Nf6 4. e5 Nfd7 5. f4 c5 6. Nf3 Nc6 7. Be3 cxd4 (7...
a6 8. Qd2 b5 9. a3 Qb6 10. Ne2 c4 11. g4 h5 12. gxh5 Rxh5 {
0-1 Kasparov,G-Radjabov,T/Linares ESP 2003 (39)}) 8. Nxd4 Bc5 9. Qd2 O-O 10.
O-O-O a6 11. Qf2 Nxd4 12. Bxd4 Qc7 13. Bd3 b5 14. Qh4 (14. Ne2 Be7 15. Kb1 Bb7
16. Rhe1 Rae8 17. Qg3 f5 18. exf6 Bxf6 19. Qh3 g6 20. Bxf6 Rxf6 21. Nd4 Nc5 22.
g3 e5 23. Qh4 Kg7 24. fxe5 Rxe5 25. Rf1 Qf7 26. Rxf6 Qxf6 27. Qxf6+ Kxf6 28.
Rf1+ Ke7 29. Kc1 Ne6 30. Nf3 Rh5 31. Re1 Kd7 32. h4 d4 33. g4 Rc5 34. Ne5+ Ke7
35. Kd2 Rc8 36. h5 gxh5 37. gxh5 h6 38. Bf5 Bd5 39. Ng6+ Kf6 40. Rf1 Rd8 41.
Bd3+ Kg5 42. Rf5+ Kg4 43. Ne5+ Kh4 44. Nf7 Rd7 45. Ne5 Rd8 46. Nf7 Rd7 47. Ne5
{1/2-1/2 Moreda,L-Kovacevic,B/Nova Gorica 2001/CBM 80 ext (47).}) 14... h6 15.
Ne2 f6 16. Qg4 Bxd4 17. Nxd4 Nc5 18. Qg6 Nxd3+ 19. Rxd3 Qc4 20. Rhd1 Ra7 21.
Kb1 Qc7 22. f5 Qb6 (22... Qf7 23. Qxf7+ Raxf7 24. Nxe6 Bxe6 25. fxe6 Re7 26.
Rxd5 Rxe6 27. exf6) 23. Rh3 fxe5 24. Rxh6 Rf6 25. Qe8+ Rf8 26. Rh8+ Kxh8 27.
Qxf8+ Kh7 28. Nf3 Qc7 29. fxe6 e4 30. Ng5+ Kh6 31. h4 Kh5 32. Qf5 g6 33. g4+
Kxh4 34. Rh1+ Kg3 35. Rg1+ Kh4 36. Qf6 (36. Qf6 Qe7 37. Nf3+ Kh3 38. Qf4 exf3
39. Qg3#) 1-0

[Event "XX SuperGM"]
[Site "Linares ESP"]
[Date "2003.02.28"]
[Round "6"]
[White "Anand, V."]
[Black "Leko, P."]
[Result "1-0"]
[WhiteElo "2753"]
[BlackElo "2736"]
[PlyCount "143"]
[EventDate "2003.02.22"]

1. e4 c5 2. Nf3 Nc6 3. Nc3 Nf6 4. Bb5 Qc7 5. O-O Nd4 6. Nxd4 (6. d3 a6 7. Bc4 {
1/2-1/2 Anand,V-Ivanchuk,V/Moscow RUS 2001/The Week in Chess 370 (18).  (17)} (
7. Ba4 b5 8. Bb3 Nxb3 {1-0 Kokarev,D-Pavlov,D/Kazan 2001/EXT 2002 (35).  (34)})
) (6. Re1 e5 (6... a6 7. e5 Nxb5 8. exf6 Nxc3 9. fxg7 Bxg7 10. dxc3 d6 11. Ng5
Bf5 12. a4 {1/2-1/2 Anand,V-Kramnik,V/Linares ESP 2003 (16).  (16)} (12. f4 Qd7
13. h3 h6 14. Ne4 O-O-O 15. Qf3 {
1/2-1/2 Nedev,T-Eljanov,P/Bled 2002/CBM 89 ext (45).  (44)})) 7. a4 (7. d3 Be7
8. Bg5 Nxb5 9. Nxb5 {1-0 Hracek,Z-McShane,L/Lippstadt 2000/CBM 78 (41).  (40)})
7... Be7 8. d3 O-O 9. Bg5 d6 10. Bxf6 Bxf6 11. Nd5 {
0-1 Movsesian,S-Smirnov,P/Panormo GRE 2002/The Week in Chess 413 (39).  (39)})
6... cxd4 7. Nd5 Nxd5 8. exd5 Qc5 9. c4 (9. Qe2 Qxd5 10. c4 Qf5 11. b4 e6 12.
Bb2 Bxb4 13. Bxd4 O-O 14. Rab1 Bd6 15. Be3 {
0-1 Boudre,J-Godard,M/Meribel 1998/EXT 2000 (41).  (41)}) 9... dxc3 10. Qb3 a6
11. Be2 c2 12. d4 Qd6 13. Bf3 g6 14. Bd2 Qf6 15. d6 Qxd6 16. Rfe1 a5 17. Qxc2
Bg7 18. Bxa5 O-O 19. Bc3 Re8 20. Qb3 Qc7 21. a4 d6 22. a5 Rb8 23. Rec1 Bf5 24.
Bd2 Qd7 25. Be3 e5 26. dxe5 dxe5 27. Bd5 Be6 28. Bxe6 Qxe6 29. Qxe6 Rxe6 30. b4
e4 31. Ra2 Be5 32. g3 Kf8 33. Rc4 f5 34. Rd2 Ke8 35. Rd5 Rd8 36. Rb5 Rd7 37.
Rcc5 Bf6 38. Rc8+ Kf7 39. Kg2 Re8 40. Rc4 Be5 41. h4 Bf6 42. Rbc5 Bd8 43. Rc8
Re5 44. Rxd8 $1 Rxd8 45. Rc7+ Ke6 46. Rxb7 Red5 47. Rxh7 Rb5 48. Bc5 Rd2 49.
Kf1 Ra2 50. Rc7 f4 51. Re7+ Kf6 52. Rxe4 fxg3 53. fxg3 g5 54. h5 Kf5 55. Re2
Ra3 56. Kg2 Kg4 57. h6 Rxg3+ 58. Kf2 Rh3 59. Re6 Rb7 60. Ke2 Kf5 61. a6 Rh2+
62. Ke3 Rd7 63. Rd6 Rxd6 64. Bxd6 Rxh6 65. a7 Rh3+ 66. Kd4 Ra3 67. Bc5 g4 68.
Kd5 g3 69. Kc6 g2 70. Kb7 Ke6 71. Bg1 (71. a8=Q $4 Rxa8 72. Kxa8 Kd5 $11 73.
Kb7 Kc4 74. Kc6 g1=Q 75. Bxg1 Kxb4) 71... Kd5 72. b5 1-0

[Event "XX SuperGM"]
[Site "Linares ESP"]
[Date "2003.03.01"]
[Round "7"]
[White "Ponomariov, R."]
[Black "Vallejo Pons, F."]
[Result "1-0"]
[WhiteElo "2734"]
[BlackElo "2629"]
[PlyCount "135"]
[EventDate "2003.02.22"]

1. d4 d5 2. c4 c6 3. Nf3 Nf6 4. Nc3 e6 5. e3 Nbd7 6. Qc2 Bd6 7. g4 Bb4 (7...
dxc4 8. Bxc4 b6 9. e4 e5 10. g5 Nh5 11. Be3 O-O 12. O-O-O Qc7 13. d5 b5 14.
dxc6 bxc4 15. Nb5 Qxc6 16. Nxd6 Bb7 17. Qc3 Rae8 18. Nxe8 Rxe8 19. Rhe1 Qb5 20.
Nd2 Rc8 21. Kb1 Nf8 22. Ka1 Ng6 23. Rc1 Ba6 24. b3 cxb3 25. Qxb3 Ra8 26. Qxb5
Bxb5 27. Rc7 {
1-0 Kasparov,G-DEEP JUNIOR/New York USA 2003/The Week in Chess 429 (27)}) 8.
Bd2 Qe7 9. Bd3 (9. Rg1 b6 10. cxd5 $5 cxd5 $5 11. Bd3 Bb7 12. g5 Ne4 $5 {
1-0 Kobalija,M-Sandipan,C/Dubai 2001/CBM 83/[Lutz] (48)} (12... Bxc3 $2 13.
Qxc3 Ne4 14. Qc7 Nxd2 15. Kxd2 Bc8 16. Rac1 O-O 17. a3 $16 Re8 18. Qf4 e5 19.
Nxe5 Nxe5 20. Qxe5 Qxe5 21. dxe5 Rxe5 22. Rc7 $18 {
1-0 Barsov,A-Sandipan,C/Dhaka 2001/CBM 82/[Lutz] (52)})) (9. g5) (9. a3) 9...
e5 (9... b6 10. cxd5 Nxd5 (10... cxd5 11. g5 $16) (10... exd5 11. g5 $36) 11.
Nxd5 cxd5 12. Rc1 Bxd2+ 13. Kxd2 O-O 14. Qc7 Qb4+ 15. Kc2 Nf6 16. Kb1 {
1/2-1/2 Gelfand,B-Bacrot,E/Cannes 2002/CBM 88/[Lutz] (32).  (31)}) (9... h6 10.
Rg1 b6 11. cxd5 Bxc3 {0-1 Khechumyan,G-Zivanic,M/Budapest 2000/CBM 79 ext (29)}
) (9... Nxg4 10. Rg1 f5 11. cxd5 exd5 (11... Bxc3 12. Bxc3 cxd5 13. Qd2 Ndf6
14. Bb4 Qf7 15. h3 Ne4 16. Qc2 Ngxf2 17. Bb5+ Kd8 18. Rc1 g5 19. Rxg5 {
1-0 Agrest,E-Tella,J/Skelleftea 2000/EXT 2001 (19)}) 12. Bxf5 Ndf6 13. Bxc8
Rxc8 14. Qf5 O-O 15. Rxg4 Nd7 16. Nxd5 Rxf5 17. Nxe7+ Bxe7 18. Ke2 $16 {
1-0 Kempinski,R-San Segundo Carrillo,P/Pula 1997/CBM 57 ext (71)}) (9... dxc4
10. Bxc4 b6 11. Rg1 Bb7 12. g5 Nd5 13. e4 Nxc3 {
1-0 Johansson,V-Trabert,B/Warsaw 2001/CBM 82 ext (34)}) 10. cxd5 (10. dxe5 Nxe5
(10... Nxg4 11. e6 fxe6 12. Bxh7 Qf6 13. Qg6+ Qxg6 14. Bxg6+ Kf8 15. Bd3 Nde5
16. Nxe5 Nxe5 17. Ke2 Nxd3 18. Kxd3 Be7 19. Rhg1 {
1/2-1/2 Kempinski,R-Ramesh,R/Biel 2001/CBM 83 ext (19)}) 11. Nxe5 Qxe5 12. f4
Qe7 13. g5 Ng4 14. O-O-O dxc4 15. Bxh7 Nf2 16. g6 Nxd1 {
0-1 Kempinski,R-Rogozenko,D/Koszalin 1998/CBM 65 ext (44).  (44)}) 10... Bxc3
11. Bxc3 e4 12. dxc6 exd3 (12... bxc6 13. g5 exd3 14. gxf6 Qxf6 15. Qd1 $18)
13. cxd7+ Qxd7 14. Qb3 Qxg4 15. Qd1 Ne4 (15... Qh3 16. Ne5 Qg2) 16. Ne5 Qxd1+
17. Rxd1 f6 18. Nxd3 Bg4 19. Rc1 Bf3 20. Rg1 Kf7 21. Nc5 Nd6 22. Nb3 Ne4 23.
Nd2 Nxd2 24. Kxd2 g5 25. Kd3 Rhe8 26. Bb4 Rac8 27. Rxc8 Be4+ 28. Ke2 Rxc8 29.
Bc3 Bd5 30. f3 Bxa2 31. e4 a5 32. Ra1 Bc4+ 33. Ke3 b6 34. d5 Bb3 35. h4 h6 36.
Rh1 Kg6 37. f4 $5 gxf4+ 38. Kxf4 a4 39. Rh3 Bc2 40. Rh2 Bb1 41. Rh1 Bc2 42. Rc1
Bb3 43. Ke3 f5 44. Rg1+ Kh5 45. d6 fxe4 46. Bf6 Be6 47. Kxe4 Rc2 48. Bd4 b5 49.
Rg7 Kxh4 50. d7 Bxd7 51. Rxd7 Rc4 52. Kd3 h5 53. Rd5 Rb4 54. Bf6+ Kg4 55. Rg5+
Kf3 56. Rxh5 Rb3+ 57. Kc2 Ke4 58. Bc3 Ke3 59. Rh4 Kf3 60. Rb4 Rxb4 61. Bxb4 Ke4
62. Kc3 Kd5 63. Bf8 Kc6 64. Kb4 Kb6 65. Be7 Kc6 66. Bc5 a3 67. b3 Kd5 68. Bf8
1-0